000
00434nam a2200145Ia 4500
008
100204s9999 xx 000 0 und d
082
_b
13743
100
_a
भावे पुरुषोत्तम भास्कर
245
_a
फुलवा
260
_b
"मेनका प्रकाशन , पुणे"
_c
1977
300
_a
111
630
_a
फुलवा
730
_a
फुलवा
942
_c
BOOK
999
_c
458175
_d
458172